[Event "TATA 14th IBCA Olympiad"]
[Site "Chennai IND"]
[Date "2012.08.12"]
[Round "3.3"]
[White "Patil, Shirish"]
[Black "Daza, Fernando"]
[Result "1/2-1/2"]
[WhiteElo "1826"]
[BlackElo "1871"]
[WhiteTeam "India - B"]
[BlackTeam "Columbia"]
[WhiteFideId "5081904"]
[BlackFideId "4413610"]
[EventDate "2012.08.10"]
[EventType "team"]

1. d4 Nf6 2. c4 g6 3. Nc3 d5 4. Qa4+ c6 5. Nf3 Bg7 6. cxd5 Nxd5 7. e4 Nxc3 8.
bxc3 O-O 9. Be3 c5 10. Be2 Nc6 11. O-O Qa5 12. Qb3 Rd8 13. Rfd1 Qc7 14. Rac1 Na5
15. Qb1 c4 16. d5 Bd7 17. Qb4 b6 18. Qxe7 Re8 19. Qh4 Qd8 20. Qf4 Qe7 21. Nd2
Rac8 22. Qg3 Qa3 23. Bg4 Bxg4 24. Qxg4 Qd6 25. Bf4 Be5 26. Bxe5 Qxe5 27. f4 Qe7
28. Re1 Qc5+ 29. Kf1 Rc7 30. Qf3 Rd7 31. Rcd1 Nb7 32. Qf2 Qc7 33. g3 a6 34. Qd4
Red8 35. Qxc4 b5 36. Qxc7 Rxc7 37. Re3 Rdc8 38. Rc1 f6 39. Kf2 Kf7 40. a3 Nd6
41. h3 Nc4 42. Nxc4 Rxc4 43. Ke2 Ke7 44. e5 fxe5 45. fxe5 R8c5 46. d6+ Ke6 47.
Rd1 Rc8 48. Rd4 R4c5 49. d7 Rd8 50. Rd6+ 1/2-1/2

[Event "TATA 14th IBCA Olympiad"]
[Site "Chennai IND"]
[Date "2012.08.12"]
[Round "3.4"]
[White "Jaimes, Fredy Alexander"]
[Black "Gaurav Gadodia"]
[Result "1/2-1/2"]
[WhiteElo "1717"]
[BlackElo "1807"]
[WhiteTeam "Columbia"]
[BlackTeam "India - B"]
[WhiteFideId "4418514"]
[BlackFideId "5034230"]
[EventDate "2012.08.10"]
[EventType "team"]

1. e4 e5 2. Nf3 Nc6 3. Bb5 a6 4. Bxc6 dxc6 5. O-O f6 6. d4 Bg4 7. c3 Qd7 8. h3
Bh5 9. g4 Bg6 10. dxe5 Qxd1 11. Rxd1 Bxe4 12. Nbd2 O-O-O 13. Re1 Bxf3 14. Nxf3
fxe5 15. Nxe5 Re8 16. Bf4 Nf6 17. Nf7 Rg8 18. Rxe8+ Nxe8 19. Rd1 Be7 20. Bg5
Bxg5 21. Nxg5 h6 22. Ne6 Nd6 23. f4 g6 24. Re1 b6 25. Nd4 Kd7 26. Nf3 Nf7 27.
Ne5+ Nxe5 28. Rxe5 Rf8 29. Re4 Rf6 30. Kf2 c5 31. Kg3 Rd6 32. Re2 b5 33. f5 gxf5
34. gxf5 Rd3+ 35. Kg4 h5+ 36. Kh4 Rf3 37. Re5 Kd6 38. Re6+ Kd5 39. Kg5 Rxh3 40.
Rh6 Ke5 41. Re6+ Kd5 42. Rxa6 Rg3+ 43. Kxh5 Ke5 44. Rc6 Kxf5 45. Rxc5+ Ke6 46.
Rxb5 Kd6 47. a4 Kc6 48. Rb4 Rg1 49. Rg4 Rb1 50. b4 Rf1 51. Kg5 Rf2 52. Rc4+ Kb6
53. a5+ Kb7 54. b5 Rf1 55. Rc6 Rf2 56. c4 Rf1 57. a6+ Kb8 58. c5 Ra1 59. Kf5 Ra5
60. Ke6 Rxb5 61. a7+ Kxa7 62. Rxc7+ Kb8 63. Kd7 Rb1 64. Rc8+ Ka7 65. c6 Rd1+ 66.
Kc7 Rh1 67. Rd8 Rh7+ 68. Rd7 Rh8 69. Kd6+ Kb8 70. Rb7+ Kc8 71. Ra7 Rh6+ 72. Kc5
Rh1 73. Ra4 Kc7 74. Rd4 Rc1+ 75. Rc4 Rxc4+ 76. Kxc4 Kxc6 1/2-1/2

[Event "TATA 14th IBCA Olympiad"]
[Site "Chennai IND"]
[Date "2012.08.12"]
[Round "3.1"]
[White "Pulvett, Daniel"]
[Black "Cajzler, Hinko"]
[Result "1/2-1/2"]
[WhiteTitle "IM"]
[WhiteElo "2383"]
[BlackElo "2159"]
[WhiteTeam "Venezuela"]
[BlackTeam "Croatia"]
[WhiteFideId "3900410"]
[BlackFideId "14501376"]
[EventDate "2012.08.10"]
[EventType "team"]

1. e4 c5 2. Nf3 Nc6 3. d4 cxd4 4. Nxd4 Nf6 5. Nc3 e5 6. Ndb5 d6 7. Bg5 Be7 8.
Bxf6 gxf6 9. Nd5 O-O 10. a4 a6 11. Nbc7 Rb8 12. Ra3 Kh8 13. Qh5 Rg8 14. Qxf7 Rg7
15. Qe8+ Rg8 16. Qh5 Bg4 17. Qh4 f5 18. Nxe7 Qxe7 19. Qxe7 Nxe7 20. h3 Bh5 21.
exf5 Nxf5 22. Nd5 Bf7 23. Nb6 Nd4 24. Rc3 Bg6 25. Kd2 Be4 26. Nd7 Rbd8 27. Nf6
Bxg2 28. Rc7 Rg7 29. Rxg7 Kxg7 30. Bxg2 Kxf6 31. Bxb7 Rb8 32. Bxa6 Rxb2 33. Bd3
Ra2 34. Rb1 Rxa4 35. Rb6 Ke6 36. Bxh7 Nf3+ 37. Ke3 Ng5 38. Bg8+ Ke7 39. Rb7+ Kf8
40. Bd5 Ra3+ 41. Bb3 Nxh3 42. Rh7 Nf4 43. Ke4 Ke8 44. Kf5 Kd8 45. Be6 Ra6 46. c4
Nd3 47. Rd7+ Ke8 48. f3 Nc5 49. Rh7 Ra3 50. Bd5 Kd8 51. Kf6 Rd3 52. Bc6 Rd4 53.
Rh8+ Kc7 54. Bd5 Kd7 55. Ra8 Rf4+ 56. Kg6 Kc7 57. Ra7+ Kb6 58. Re7 Nd3 59. Rb7+
Ka5 60. Rd7 Ne1 61. Rxd6 Nxf3 62. c5 Nd4 63. Bb7 Kb5 64. Rd5 Nc6 65. Bxc6+ Kxc6 1/2-1/2

[Event "TATA 14th IBCA Olympiad"]
[Site "Chennai IND"]
[Date "2012.08.12"]
[Round "3.2"]
[White "Marendic, Vlatko"]
[Black "Otero, Harlen"]
[Result "1/2-1/2"]
[WhiteElo "2073"]
[BlackElo "2038"]
[WhiteTeam "Croatia"]
[BlackTeam "Venezuela"]
[WhiteFideId "14503336"]
[BlackFideId "3902005"]
[EventDate "2012.08.10"]
[EventType "team"]

1. d4 Nf6 2. Nf3 g6 3. c3 Bg7 4. Bf4 O-O 5. Nbd2 b6 6. e4 d6 7. Bc4 Nbd7 8. Qe2
e5 9. dxe5 dxe5 10. Nxe5 Nxe5 11. Bxe5 Bb7 12. f3 Re8 13. Bf4 Nh5 14. Be3 Be5
15. O-O-O a6 16. Qf2 b5 17. Bb3 Qf6 18. Bd4 Nf4 19. Nf1 Rad8 20. Kb1 b4 21. Ne3
h5 22. Bxe5 Qxe5 23. cxb4 Qb5 24. Qc2 Qb6 25. Qc4 Rxd1+ 26. Rxd1 Re7 27. Qc3 Ne6
28. Bxe6 Qxe6 29. Nd5 Bxd5 30. Rxd5 c6 31. Rd8+ Re8 32. Qd4 Rxd8 33. Qxd8+ Kg7
34. Qd4+ Kf8 35. h4 Kg8 36. b3 Qe7 37. e5 Qe6 38. Kb2 Qf5 39. Qe4 Qd7 40. Kc2
Kg7 41. g4 hxg4 42. fxg4 Qe7 43. g5 Qe6 44. a4 Kg8 45. a5 Kf8 46. Qc4 Qf5+ 47.
Kc1 Qxe5 48. Qxc6 Qa1+ 49. Kc2 Qa2+ 50. Kc3 Qa1+ 51. Kc4 Qc1+ 52. Kd5 Qd2+ 53.
Kc5 Qc3+ 54. Kb6 Qxb4+ 55. Kxa6 Qxb3 56. Qc5+ Kg7 57. Ka7 Qa4 58. a6 Qxh4 59.
Kb8 1/2-1/2

[Event "TATA 14th IBCA Olympiad"]
[Site "Chennai IND"]
[Date "2012.08.12"]
[Round "3.1"]
[White "Yuvarlak, Ugur"]
[Black "Moradiyan, Meysam"]
[Result "0-1"]
[WhiteElo "1910"]
[BlackElo "1992"]
[WhiteTeam "Turkey"]
[BlackTeam "Iran"]
[WhiteFideId "6305598"]
[BlackFideId "12507725"]
[EventDate "2012.08.10"]
[EventType "team"]

1. e4 d5 2. exd5 Nf6 3. Nf3 Nxd5 4. d4 Bf5 5. a3 e6 6. c4 Nf6 7. Nc3 Be7 8. Be2
h6 9. Be3 O-O 10. O-O Nbd7 11. Rc1 c6 12. d5 Qc7 13. Nd4 Bd6 14. h3 Rfe8 15.
Nxf5 exf5 16. b4 Bf4 17. Bxf4 Qxf4 18. Bf3 Ne5 19. dxc6 bxc6 20. Kh1 Rad8 21.
Ne2 Qh4 22. Qb3 Nd3 23. Kg1 Nxc1 24. Nxc1 Ne4 25. Bxe4 Qxe4 26. Qa4 Qxc4 27.
Qxa7 Qxf1+ 0-1

[Event "TATA 14th IBCA Olympiad"]
[Site "Chennai IND"]
[Date "2012.08.12"]
[Round "3.2"]
[White "Mousavi, Emadeddin"]
[Black "Aksu, Mumin"]
[Result "1-0"]
[WhiteElo "1877"]
[BlackElo "1905"]
[WhiteTeam "Iran"]
[BlackTeam "Turkey"]
[WhiteFideId "12522031"]
[BlackFideId "6337252"]
[EventDate "2012.08.10"]
[EventType "team"]

1. e4 e5 2. Nf3 Nc6 3. Bb5 Bc5 4. O-O d6 5. d4 exd4 6. Nxd4 Bd7 7. Bxc6 bxc6 8.
Nc3 a6 9. Nb3 Bb6 10. Na4 Ba7 11. c4 Nf6 12. Qd3 Be6 13. Bg5 h6 14. Bh4 g5 15.
Bg3 Nh5 16. Nd4 Bd7 17. Nf5 Qf6 18. c5 Bxf5 19. exf5 O-O 20. Rac1 Nxg3 21. Qxg3
dxc5 22. Rc4 Bb6 23. f4 g4 24. Qxg4+ Kh7 25. Qf3 Rg8 26. Kh1 Rad8 27. Nxc5 Rd2
28. Ne4 Qxb2 29. Nxd2 Qxd2 30. Rxc6 Qxa2 31. Qh3 1-0

[Event "TATA 14th IBCA Olympiad"]
[Site "Chennai IND"]
[Date "2012.08.12"]
[Round "3.3"]
[White "Boztepe, Suleyman"]
[Black "Bagheri, Majjid"]
[Result "0-1"]
[WhiteElo "1803"]
[BlackElo "1958"]
[WhiteTeam "Turkey"]
[BlackTeam "Iran"]
[WhiteFideId "6378951"]
[BlackFideId "12524158"]
[EventDate "2012.08.10"]
[EventType "team"]

1. d4 Nf6 2. c4 g6 3. Nc3 Bg7 4. Bf4 d6 5. Nf3 Nbd7 6. e4 O-O 7. Be2 c6 8. O-O
Qc7 9. Qd2 e5 10. dxe5 dxe5 11. Bh6 Nc5 12. Bxg7 Kxg7 13. Qe3 Ne6 14. h3 Nf4 15.
Rfd1 b6 16. Rd2 Bxh3 17. Bf1 Bg4 18. a4 Bxf3 19. Qxf3 Ne6 20. g3 Nd4 21. Qd1
Rad8 22. Kg2 h5 23. f3 Rh8 24. Ne2 h4 25. Qe1 h3+ 26. Kf2 c5 27. Ra3 g5 28. g4
Nxe2 29. Rxe2 Rd4 30. Rc3 Qd7 31. Kg3 Rd1 32. Qf2 h2 33. Bg2 Rg1 34. Re1 h1=N# 0-1

[Event "TATA 14th IBCA Olympiad"]
[Site "Chennai IND"]
[Date "2012.08.12"]
[Round "3.1"]
[White "Bindzus, Ernst"]
[Black "Deville, Olivier"]
[Result "1-0"]
[WhiteElo "1910"]
[BlackElo "1976"]
[WhiteTeam "Denmark"]
[BlackTeam "France"]
[WhiteFideId "1411950"]
[BlackFideId "624160"]
[EventDate "2012.08.10"]
[EventType "team"]

1. e4 c5 2. Nc3 d6 3. f4 g6 4. Nf3 Bg7 5. Bc4 e6 6. O-O Nc6 7. d3 Nge7 8. Qe1
O-O 9. f5 exf5 10. Qh4 Ne5 11. Bg5 Nxf3+ 12. Rxf3 Bxc3 13. bxc3 Re8 14. Bf6 h5
15. Qg5 Kh7 16. Rh3 1-0

[Event "TATA 14th IBCA Olympiad"]
[Site "Chennai IND"]
[Date "2012.08.12"]
[Round "3.2"]
[White "Belazzoug, Farid"]
[Black "Nielsen, Henning"]
[Result "0-1"]
[WhiteElo "1698"]
[BlackElo "1871"]
[WhiteTeam "France"]
[BlackTeam "Denmark"]
[WhiteFideId "20602103"]
[BlackFideId "1435019"]
[EventDate "2012.08.10"]
[EventType "team"]

1. d4 d5 2. Nf3 Nf6 3. c4 e6 4. cxd5 exd5 5. g3 Bf5 6. Nc3 c6 7. Bg2 Nbd7 8. O-O
Bd6 9. b3 O-O 10. Bb2 Re8 11. e3 Nf8 12. Rc1 Ng6 13. Re1 Qd7 14. Na4 b6 15. Nc3
Rac8 16. Nd2 Bh3 17. Nf3 Bxg2 18. Kxg2 h5 19. h4 Qg4 20. Nh2 Nxh4+ 21. Kh1 Qh3
22. Rg1 Ng4 23. Rg2 Qxg2# 0-1

[Event "TATA 14th IBCA Olympiad"]
[Site "Chennai IND"]
[Date "2012.08.12"]
[Round "3.3"]
[White "Bremer, Erik"]
[Black "Le Moy, Patrick"]
[Result "0-1"]
[WhiteElo "1547"]
[BlackElo "1633"]
[WhiteTeam "Denmark"]
[BlackTeam "France"]
[WhiteFideId "1411578"]
[BlackFideId "680699"]
[EventDate "2012.08.10"]
[EventType "team"]

1. e4 c5 2. Nf3 Nc6 3. d3 d6 4. g3 Nf6 5. Bg2 Bg4 6. Nbd2 g6 7. O-O Bg7 8. Re1
Ne5 9. h3 Bxf3 10. Nxf3 Nfd7 11. c3 O-O 12. Qe2 Rc8 13. Be3 Qb6 14. Kh2 Qa6 15.
Red1 e6 16. Ng1 Nf6 17. f4 Ned7 18. Bf3 b5 19. Qg2 Rfd8 20. g4 h6 21. h4 Nh7 22.
Nh3 d5 23. exd5 exd5 24. Bxd5 Ndf6 25. Bf3 Qe6 26. Bf2 b4 27. c4 Bf8 28. Re1 Qd6
29. Rad1 Qc7 30. Kh1 Bd6 31. Bg3 Qd7 32. Bh2 Qc7 33. b3 Re8 34. g5 hxg5 35. hxg5
Rxe1+ 36. Rxe1 Ne8 37. Qc2 Ng7 38. Re4 Nf5 39. Qe2 Qd7 40. Bg4 Qc6 41. Qg2 Rd8
42. Bxf5 gxf5 43. Re3 Qxg2+ 44. Kxg2 Kg7 45. Kf1 Nf8 46. Ng1 Ng6 47. Nh3 Bb8 48.
Bg3 Nf8 49. Nf2 Ne6 50. Nh3 Kg6 51. Bh2 Rd4 52. Rf3 Rd8 53. Re3 Rh8 54. Kg2 Rh4
55. Bg3 Nxf4+ 56. Nxf4+ Bxf4 57. Bxh4 Bxe3 58. Bg3 f4 59. Be1 Kxg5 60. Kf3 Kf5
61. Bh4 Ke5 62. Bd8 Kd4 63. Be7 Kxd3 64. Bf6 Kc2 0-1

[Event "TATA 14th IBCA Olympiad"]
[Site "Chennai IND"]
[Date "2012.08.12"]
[Round "3.4"]
[White "Peignien, Laurent"]
[Black "Hansen, Martin Mandrup"]
[Result "1-0"]
[WhiteElo "1511"]
[BlackElo "1518"]
[WhiteTeam "France"]
[BlackTeam "Denmark"]
[WhiteFideId "20620705"]
[BlackFideId "1441361"]
[EventDate "2012.08.10"]
[EventType "team"]

1. e4 c5 2. c3 Nc6 3. Nf3 d6 4. d4 cxd4 5. cxd4 a6 6. Nc3 g6 7. Be2 e6 8. O-O
Bg7 9. Bg5 Nge7 10. Qd2 Qb6 11. Rfd1 O-O 12. d5 exd5 13. exd5 Nxd5 14. Nxd5 Qxb2
15. Qxb2 Bxb2 16. Rab1 Bg7 17. Nb6 Rb8 18. Nxc8 Rfxc8 19. Rxd6 Rc7 20. Rbd1 Bf8
21. Rd7 Rxd7 22. Rxd7 b5 23. Bf6 Rc8 24. a4 Nb8 25. Rb7 b4 26. g3 a5 27. Kg2 Nc6
28. Bd1 Nd8 29. Rd7 Ne6 30. Bb3 Rc6 31. Ne5 Rc3 32. Rd3 Nd4 33. Bxf7# 1-0

[Event "TATA 14th IBCA Olympiad"]
[Site "Chennai IND"]
[Date "2012.08.13"]
[Round "4.1"]
[White "Desanjose Candalija, Eduardo"]
[Black "Mueller, Oliver"]
[Result "1/2-1/2"]
[WhiteTitle "FM"]
[BlackTitle "FM"]
[WhiteElo "2238"]
[BlackElo "2265"]
[WhiteTeam "Spain"]
[BlackTeam "Germany"]
[WhiteFideId "2256827"]
[BlackFideId "4633385"]
[EventDate "2012.08.10"]
[EventType "team"]

1. c4 e6 2. Nf3 Nf6 3. Nc3 d5 4. d4 Bb4 5. cxd5 exd5 6. Bg5 Nbd7 7. e3 c5 8. Bd3
Qa5 9. Qc2 c4 10. Bf5 O-O 11. O-O g6 12. Bh3 Kg7 13. Nd2 h6 14. Bh4 Re8 15. Bg3
Nb6 16. Bxc8 Raxc8 17. Be5 Nd7 18. a3 Bxc3 19. Qxc3 Qxc3 20. Bxf6+ 1/2-1/2

[Event "TATA 14th IBCA Olympiad"]
[Site "Chennai IND"]
[Date "2012.08.13"]
[Round "4.2"]
[White "Riegler, Dieter"]
[Black "Palacios Perez, Manuel"]
[Result "1/2-1/2"]
[WhiteElo "2132"]
[BlackElo "2166"]
[WhiteTeam "Germany"]
[BlackTeam "Spain"]
[WhiteFideId "4606426"]
[BlackFideId "2205505"]
[EventDate "2012.08.10"]
[EventType "team"]

1. d4 d5 2. c4 c6 3. Nf3 Nf6 4. Qc2 dxc4 5. Qxc4 Bf5 6. g3 e6 7. Bg2 Be7 8. O-O
O-O 9. Nc3 Nbd7 10. Re1 Ne4 11. Qb3 Nb6 12. Bf4 c5 13. dxc5 Bxc5 14. Nxe4 Bxe4
15. Red1 Qe7 16. Ng5 Bxg2 17. Kxg2 Nd5 18. Bd2 h6 19. Ne4 Bb6 20. Nc3 Qf6 21.
Be1 Nxc3 22. Qxc3 1/2-1/2

[Event "TATA 14th IBCA Olympiad"]
[Site "Chennai IND"]
[Date "2012.08.13"]
[Round "4.3"]
[White "Fernandez Manrique, Agustin"]
[Black "Schellmann, Frank"]
[Result "1-0"]
[BlackTitle "CM"]
[WhiteElo "2170"]
[BlackElo "2110"]
[WhiteTeam "Spain"]
[BlackTeam "Germany"]
[WhiteFideId "2231000"]
[BlackFideId "4669916"]
[EventDate "2012.08.10"]
[EventType "team"]

1. Nf3 f5 2. g3 Nf6 3. Bg2 g6 4. O-O Bg7 5. d4 O-O 6. b4 d6 7. Bb2 Nc6 8. a3 e5
9. b5 Nxd4 10. Nxd4 exd4 11. Bxd4 Qe8 12. Nc3 c6 13. bxc6 bxc6 14. Rb1 Ba6 15.
Re1 d5 16. f3 Qf7 17. Na4 Rad8 18. Nc5 Bc8 19. Qd2 Ne8 20. e3 Nd6 21. Bf1 Rfe8
22. c3 g5 23. Bd3 Qh5 24. f4 Ne4 25. Bxe4 fxe4 26. Bxg7 Kxg7 27. Qd4+ Kg8 28.
Rf1 Bh3 29. Rb7 Qh6 30. fxg5 Qxg5 31. Rff7 1-0

[Event "TATA 14th IBCA Olympiad"]
[Site "Chennai IND"]
[Date "2012.08.13"]
[Round "4.4"]
[White "Dobierzin, Olaf"]
[Black "Clemente Llamero, Roberto"]
[Result "1/2-1/2"]
[WhiteElo "2060"]
[BlackElo "2134"]
[WhiteTeam "Germany"]
[BlackTeam "Spain"]
[WhiteFideId "4635000"]
[BlackFideId "2257696"]
[EventDate "2012.08.10"]
[EventType "team"]

1. e4 c6 2. d4 d5 3. Nc3 dxe4 4. Nxe4 Bf5 5. Ng3 Bg6 6. h4 h6 7. Nf3 Nd7 8. h5
Bh7 9. Bd3 Bxd3 10. Qxd3 e6 11. Bd2 Ngf6 12. O-O-O Qc7 13. Qe2 O-O-O 14. Ne5 Nb6
15. Ba5 c5 16. Bxb6 axb6 17. Nf3 Kb8 18. Kb1 Bd6 19. Ne4 Nxe4 20. Qxe4 Rd7 21.
Qg4 Rg8 22. d5 Re7 23. Rhe1 exd5 24. Rxe7 Qxe7 25. Rxd5 Re8 26. a3 Qe6 27. Qc4
Bc7 28. Qd3 Kc8 29. Qb5 Qc6 30. Qd3 Qe6 31. Qb5 Qc6 32. Qd3 Qe6 33. b3 Qe4 34.
Rd7 Qxd3 35. Rxd3 Bd8 36. Kc1 Bf6 37. Kd1 Kc7 38. a4 Re4 39. c4 g6 40. Rd5 Rg4
41. g3 Re4 42. Kd2 Re6 43. Kd3 Bg7 44. Kd2 Bf6 45. Kd3 Bb2 46. g4 Rf6 47. Ke2
Re6+ 48. Kd3 Rf6 49. Ke2 1/2-1/2

[Event "TATA 14th IBCA Olympiad"]
[Site "Chennai IND"]
[Date "2012.08.13"]
[Round "4.1"]
[White "Krishna, Udupa"]
[Black "Crouch, Colin S"]
[Result "0-1"]
[BlackTitle "IM"]
[WhiteElo "1885"]
[BlackElo "2373"]
[WhiteTeam "India - A"]
[BlackTeam "UK"]
[WhiteFideId "5014875"]
[BlackFideId "400947"]
[EventDate "2012.08.10"]
[EventType "team"]

1. d4 d5 2. Nf3 Nf6 3. e3 g6 4. c4 Bg7 5. Nc3 O-O 6. Be2 b6 7. O-O Bb7 8. b4
dxc4 9. Bxc4 Nbd7 10. Rb1 e6 11. Qe2 a5 12. b5 Ne8 13. Ba3 Nd6 14. Bd3 e5 15.
dxe5 Nxe5 16. Nxe5 Bxe5 17. Rfc1 Re8 18. Qf1 Qh4 19. h3 Nf5 20. Ne2 Rad8 21. Rc4
Qf6 22. Nc1 Nh4 23. f4 Bd6 24. Bb2 Qe7 25. e4 f5 26. Rc2 Bxe4 27. Re2 Bc5+ 28.
Kh2 Bxd3 29. Rxe7 Bxf1 0-1

[Event "TATA 14th IBCA Olympiad"]
[Site "Chennai IND"]
[Date "2012.08.13"]
[Round "4.2"]
[White "Ross, Chris N"]
[Black "Swapanil, Shah"]
[Result "1-0"]
[WhiteElo "2231"]
[BlackElo "1884"]
[WhiteTeam "UK"]
[BlackTeam "India - A"]
[WhiteFideId "410411"]
[BlackFideId "5043484"]
[EventDate "2012.08.10"]
[EventType "team"]

1. d4 d5 2. Nf3 e6 3. c4 c6 4. Nc3 Nd7 5. cxd5 exd5 6. Qc2 Ngf6 7. Bg5 Be7 8. e3
Ne4 9. Nxe4 dxe4 10. Qxe4 Qa5+ 11. Kd1 Nf6 12. Bxf6 gxf6 13. Bc4 Bf5 14. Qf4 Be6
15. Bxe6 fxe6 16. Qe4 Qd5 17. Qxd5 cxd5 18. Rc1 Kd7 19. Kd2 Rac8 20. Rxc8 Rxc8
21. Rc1 Rxc1 22. Kxc1 Kc6 23. Kc2 Kb5 24. Kd3 Kc6 25. Ng1 Bb4 26. Ne2 Bd6 27. h3
Bc7 28. g4 h6 29. Nc3 Bd8 30. f3 a6 31. e4 dxe4+ 32. Kxe4 Kd6 33. d5 Ba5 34.
dxe6 Kxe6 35. Ne2 Bb4 36. Nd4+ Kf7 37. h4 Bf8 38. h5 Ke7 39. Kd5 Kd7 40. a4 Bd6
41. Nf5 Bf8 42. b3 b5 43. f4 bxa4 44. bxa4 a5 45. g5 fxg5 46. fxg5 hxg5 47. h6
Bxh6 48. Nxh6 Kc7 49. Kc5 Kb7 50. Ng4 Ka6 51. Kc6 Ka7 52. Kb5 Kb7 53. Kxa5 Ka7
54. Kb5 Kb7 55. a5 Ka7 56. a6 Ka8 57. Kb6 Kb8 58. a7+ Ka8 59. Nf6 g4 60. Nd5 1-0

[Event "TATA 14th IBCA Olympiad"]
[Site "Chennai IND"]
[Date "2012.08.13"]
[Round "4.3"]
[White "Kishan, Gangolli"]
[Black "Hilton, Stephen H"]
[Result "1-0"]
[WhiteElo "1972"]
[BlackElo "1928"]
[WhiteTeam "India - A"]
[BlackTeam "UK"]
[WhiteFideId "5049350"]
[BlackFideId "415030"]
[EventDate "2012.08.10"]
[EventType "team"]

1. d4 g6 2. c4 Nf6 3. Nc3 Bg7 4. e4 d6 5. Nf3 O-O 6. Be2 Nc6 7. O-O e5 8. d5 Ne7
9. Nd2 Nd7 10. b4 f5 11. Qc2 a5 12. bxa5 Rxa5 13. Nb3 Ra8 14. a4 Nf6 15. f3 f4
16. c5 Ne8 17. Ba3 Rf6 18. a5 g5 19. cxd6 Nxd6 20. Bxd6 cxd6 21. Na4 Rb8 22. Nb6
Bd7 23. Rfc1 Be8 24. Qc7 Rf7 25. Qxd8 Rxd8 26. Rc7 Ng6 27. Rac1 Bf6 28. Rxf7
Bxf7 29. Nd2 Be8 30. Rc7 Rb8 31. Ndc4 Bb5 32. Rc8+ Rxc8 33. Nxc8 Bxc4 34. Bxc4
Be7 35. Bb5 Nf8 36. Nxe7+ 1-0

[Event "TATA 14th IBCA Olympiad"]
[Site "Chennai IND"]
[Date "2012.08.13"]
[Round "4.2"]
[White "Pakhomov, Alexey"]
[Black "Stachanczyk, Jacek"]
[Result "0-1"]
[WhiteTitle "IM"]
[WhiteElo "2416"]
[BlackElo "2256"]
[WhiteTeam "Russia"]
[BlackTeam "Poland"]
[WhiteFideId "4129016"]
[BlackFideId "1116657"]
[EventDate "2012.08.10"]
[EventType "team"]

1. d4 d5 2. Nf3 Nf6 3. c4 c6 4. Nc3 dxc4 5. a4 Bf5 6. e3 e6 7. Bxc4 Bb4 8. O-O
O-O 9. Nh4 Bg4 10. f3 Bh5 11. g4 Bg6 12. Nxg6 hxg6 13. Qb3 Qe7 14. e4 c5 15. g5
Nfd7 16. d5 Bxc3 17. bxc3 exd5 18. Bxd5 Nb6 19. Be3 Na6 20. Rad1 c4 21. Qb1 Nc7
22. Rfe1 Rad8 23. Bxb7 Ne6 24. a5 Nxg5 25. Kg2 Nd7 26. f4 Ne6 27. Bd5 Ndc5 28.
Qb4 Rc8 29. f5 Qh4 30. Bxc5 Qg4+ 31. Kf2 Nxc5 32. Rg1 Qf4+ 33. Kg2 Nxe4 34. Rdf1
Qd2+ 35. Kh1 Qxd5 36. Rg2 Rb8 37. Qe7 Nf2+ 38. Kg1 Nh3+ 39. Kh1 Nf4 40. Qg5
Qxg2+ 41. Qxg2 Nxg2 42. Kxg2 Rb2+ 43. Kg3 Rc2 44. Rf3 Rd8 45. fxg6 Rd3 46. gxf7+
Kf8 0-1

[Event "TATA 14th IBCA Olympiad"]
[Site "Chennai IND"]
[Date "2012.08.13"]
[Round "4.3"]
[White "Gunajew, Rafal"]
[Black "Smirnov, Sergei1"]
[Result "1/2-1/2"]
[WhiteTitle "FM"]
[WhiteElo "2260"]
[BlackElo "2333"]
[WhiteTeam "Poland"]
[BlackTeam "Russia"]
[WhiteFideId "1116037"]
[BlackFideId "4120884"]
[EventDate "2012.08.10"]
[EventType "team"]

1. e4 c5 2. Nf3 d6 3. c3 Nf6 4. Bd3 g6 5. Bc2 Bg7 6. h3 O-O 7. d4 cxd4 8. cxd4
Nc6 9. Nc3 b6 10. O-O Nb4 11. Bb1 Bb7 12. Bf4 Re8 13. a3 Nc6 14. Ba2 e5 15. dxe5
dxe5 16. Bg5 h6 17. Bxf6 Bxf6 18. Nd5 Bg7 19. Qe2 Rc8 20. Rfd1 Nd4 21. Qd3 Kh8
22. Nc3 Qe7 23. Bd5 Red8 24. Rac1 f5 25. Re1 Qd7 26. Bxb7 Qxb7 27. Red1 Qc6 28.
exf5 Nxf3+ 29. Qxf3 Qxf3 30. gxf3 gxf5 31. Rxd8+ Rxd8 32. Rd1 Rxd1+ 33. Nxd1 Kh7
34. a4 Bf8 35. Ne3 Kg6 36. Kg2 Bc5 37. Nc2 a5 38. b3 Kg5 39. Kg3 h5 40. Ne1 h4+
41. Kg2 Kf6 42. Kf1 Ke6 43. Ke2 Be7 44. Nc2 Bg5 45. Kd3 Be7 46. Ke2 Bc5 47. Ke1
f4 48. Kf1 Kd5 49. Ke2 Bd4 50. Kf1 Kc5 51. Ke2 b5 52. axb5 Kxb5 53. Kf1 Bc5 54.
Ke2 Bd4 55. Kf1 Bc3 56. Ke2 Kc5 57. Kf1 1/2-1/2

[Event "TATA 14th IBCA Olympiad"]
[Site "Chennai IND"]
[Date "2012.08.13"]
[Round "4.4"]
[White "Krylov, Sergey"]
[Black "Mackowiak, Marek"]
[Result "1-0"]
[WhiteTitle "IM"]
[WhiteElo "2337"]
[BlackElo "2165"]
[WhiteTeam "Russia"]
[BlackTeam "Poland"]
[WhiteFideId "4108809"]
[BlackFideId "1103326"]
[EventDate "2012.08.10"]
[EventType "team"]

1. e4 g6 2. d4 Bg7 3. Nc3 d6 4. Be3 a6 5. Nf3 b5 6. a4 b4 7. Ne2 Bb7 8. Ng3 Nf6
9. Bd3 Nbd7 10. h3 e5 11. dxe5 dxe5 12. O-O O-O 13. Re1 Qe7 14. Qd2 Rfd8 15. c3
Bf8 16. cxb4 Qxb4 17. Qc2 Nc5 18. Bxc5 Qxc5 19. Bc4 Ne8 20. Qb3 Nd6 21. Rac1 Qb6
22. Nxe5 Qxb3 23. Bxb3 Bg7 24. Nxf7 Nxf7 25. Bxf7+ Kxf7 26. Rxc7+ Kg8 27. Rxb7
Rd2 28. e5 Re8 29. f4 Rd4 30. Re4 Rd1+ 31. Kf2 Bf8 32. Rc4 Re7 33. Rb8 Kf7 34.
Ne4 Bh6 35. g3 Rh1 36. h4 Rd7 37. Nd6+ Ke6 38. Rc5 Re7 39. b4 Ra1 40. a5 Ra3 41.
Rb6 Ra2+ 42. Kf3 Ra3+ 43. Ke4 Kd7 44. Rb7+ Ke6 45. Rb6 Kd7 46. g4 Bxf4 47. Kxf4
g5+ 48. hxg5 h6 49. Nf5 hxg5+ 50. Ke4 Re6 51. Rd5+ Rd6 52. Rdxd6+ Kc7 53. Rdc6+
Kd7 1-0

[Event "TATA 14th IBCA Olympiad"]
[Site "Chennai IND"]
[Date "2012.08.13"]
[Round "4.1"]
[White "Dimic, Pavle"]
[Black "Pribeanu, Mihail-Dacian"]
[Result "1/2-1/2"]
[WhiteTitle "FM"]
[BlackTitle "FM"]
[WhiteElo "2155"]
[BlackElo "2176"]
[WhiteTeam "Serbia"]
[BlackTeam "Romania"]
[WhiteFideId "937428"]
[BlackFideId "1209094"]
[EventDate "2012.08.10"]
[EventType "team"]

1. d4 Nf6 2. Nf3 g6 3. c4 Bg7 4. g3 d6 5. Bg2 O-O 6. O-O c6 7. Nc3 a6 8. e4 b5
9. e5 Ne8 10. Qe2 Bg4 11. Bg5 f6 12. exf6 exf6 13. Bf4 Nc7 14. h3 Re8 15. Qd2
Be6 16. c5 dxc5 17. dxc5 Nd5 18. Nxd5 Bxd5 19. Rfe1 Nd7 20. b4 a5 21. Rxe8+ Qxe8
22. Re1 Qf7 23. a3 axb4 24. axb4 Ra2 25. Qe3 Rb2 26. Qa3 Ra2 27. Qe3 Rb2 28. Qa3
Ra2 1/2-1/2